| 000 | 00744nam a2200265 i 4500 | ||
|---|---|---|---|
| 001 | 15646 | ||
| 003 | ES-MaACL | ||
| 005 | 20230906151125.0 | ||
| 007 | t| | ||
| 008 | 000417s1999 sp ||||1| spa d | ||
| 020 | _a84-339-0584-8 | ||
| 080 | _a165.232 | ||
| 080 | _a001:1 | ||
| 100 | 1 |
_aDeutsch, David. _943980 |
|
| 245 | 1 | 3 |
_aLa estructura de la realidad / _cDavid Deutsche ; traducción de David Sempau. |
| 260 |
_aBarcelona : _bAnagrama, _c[1999] |
||
| 300 |
_a398 p. ; _c22 cm. |
||
| 490 | 1 |
_aArgumentos ; _v233 |
|
| 650 | 4 |
_aRealidad. _916683 |
|
| 650 | 4 |
_aCiencia- _xFilosofía. _910950 |
|
| 700 | 1 |
_aSempau, David. _9105397 |
|
| 830 | 1 |
_aArgumentos ; _v233 _9178418 |
|
| 852 | 4 |
_aES-MaACL _jL-22771 |
|
| 999 |
_c15646 _d15646 |
||